Tarikh-e-Falsafa / (Record no. 523684)
[ view plain ]
| 000 -LEADER | |
|---|---|
| fixed length control field | 00424nam a22001697a 4500 |
| 003 - CONTROL NUMBER IDENTIFIER | |
| control field | NUST |
| 038 ## - RECORD CONTENT LICENSOR | |
| Staff Name | waseem |
| 082 ## - DEWEY DECIMAL CLASSIFICATION NUMBER | |
| Classification number | 109 |
| Author Mark | AHM |
| 100 ## - MAIN ENTRY--PERSONAL NAME | |
| Personal name | Ahmed, Ahsaan |
| 9 (RLIN) | 14458 |
| 245 ## - TITLE STATEMENT | |
| Title | Tarikh-e-Falsafa / |
| Statement of responsibility, etc. | Ahsaan Ahmed |
| 260 ## - PUBLICATION, DISTRIBUTION, ETC. | |
| Place of publication, distribution, etc. | Lahore : |
| Name of publisher, distributor, etc. | Book Home, |
| Date of publication, distribution, etc. | 2003. |
| 300 ## - PHYSICAL DESCRIPTION | |
| Extent | 184 p. ; |
| 500 ## - GENERAL NOTE | |
| General note | Hardcover. |
| 880 ## - ALTERNATE GRAPHIC REPRESENTATION | |
| Linkage | 100-02\R |
| Title | احسان احمد |
| 880 ## - ALTERNATE GRAPHIC REPRESENTATION | |
| Linkage | 245-02\R |
| Title | تاریخ فلسفہ / |
| 942 ## - ADDED ENTRY ELEMENTS (KOHA) | |
| Source of classification or shelving scheme | |
| Koha item type | Book |
| Withdrawn status | Lost status | Source of classification or shelving scheme | Damaged status | Not for loan | Permanent Location | Current Location | Date acquired | Total Checkouts | Total Renewals | Full call number | Barcode | Date last seen | Date last checked out | Price effective from | Koha item type |
|---|---|---|---|---|---|---|---|---|---|---|---|---|---|---|---|
| Central Library (CL) | Central Library (CL) | 05/21/2019 | 1 | 1 | 109 AHM | CL-E-2221 | 06/04/2025 | 05/23/2024 | 05/21/2019 | Book |
